[Event "Madrid"]
[Site "Madrid"]
[Date "1993.??.??"]
[Round "9"]
[White "Izeta Txabarri, Felix"]
[Black "Rivas Pastor, Manuel"]
[Result "0-1"]
[WhiteElo "2505"]
[BlackElo "2515"]
[PlyCount "48"]
[EventDate "1993.06.??"]
[EventType "tourn"]
[EventRounds "9"]
[EventCountry "ESP"]
[EventCategory "14"]
[Source "ChessBase"]
[SourceDate "1993.10.01"]

1. d4 Nf6 2. Nf3 d5 3. c4 e6 4. Nc3 Be7 5. Bg5 h6 6. Bxf6 Bxf6 7. e3 O-O 8. Qc2
g6 9. O-O-O Bg7 10. e4 dxe4 11. Qxe4 Nd7 12. Qe3 c5 13. d5 exd5 14. Nxd5 Re8
15. Qf4 Ne5 16. Nxe5 Rxe5 17. Bd3 Be6 18. Be4 Qa5 19. a3 Re8 20. f3 Qa6 21. Rd2
Qxc4+ 22. Rc2 Qa2 23. Nf6+ Bxf6 24. Qxf6 Rxe4 0-1

[Event "Madrid"]
[Site "Madrid"]
[Date "1993.??.??"]
[Round "4"]
[White "Izeta Txabarri, Felix"]
[Black "San Segundo Carrillo, Pablo"]
[Result "0-1"]
[WhiteElo "2505"]
[BlackElo "2440"]
[Annotator "Dautov"]
[PlyCount "80"]
[EventDate "1993.06.??"]
[EventType "tourn"]
[EventRounds "9"]
[EventCountry "ESP"]
[EventCategory "14"]
[Source "ChessBase"]
[SourceDate "1993.10.01"]

1. d4 Nf6 2. Nf3 g6 3. c4 Bg7 4. g3 O-O 5. Bg2 d6 6. Nc3 Nc6 7. d5 Na5 8. Nd2
c5 9. O-O a6 10. Qc2 Rb8 11. b3 b5 12. Bb2 e6 13. Nd1 $5 {N} (13. dxe6 fxe6 14.
cxb5 axb5 15. Nce4 Nxe4 16. Nxe4 Bxb2 17. Qxb2 Bb7 18. Rad1 Bxe4 19. Bxe4 d5
$10 {ECO}) (13. e4 bxc4 14. bxc4 Nd7 15. Rab1 Bd4 16. Ne2 $14 {ECO}) (13. Rab1
Re8 14. e4 Bd7 15. Rfe1 bxc4 16. bxc4 Ng4 17. Nd1 $14 {Spassky}) 13... Re8 14.
e4 Bd7 15. Ne3 (15. Rb1 $6 bxc4 16. bxc4 exd5 17. cxd5 Bb5 18. Re1 Nxd5 19.
Bxg7 Kxg7 20. a4 Bd7 21. Rxb8 Qxb8 $17) (15. f4 $6 bxc4 16. bxc4 Rxb2 $1 17.
Nxb2 Ng4 $36) (15. f3 $5 bxc4 16. bxc4 $13 {/\Bc3,Ne3}) 15... bxc4 16. Ndxc4 (
16. bxc4 $2 Rxb2 17. Qxb2 Nxe4 $17) 16... Nxc4 17. Nxc4 Bb5 (17... exd5 $2 18.
Nxd6 Re6 19. e5 $16) 18. dxe6 (18. Rfe1 exd5 (18... Bxc4 19. Qxc4 exd5 20. exd5
Qb6 $10) 19. exd5 Qc7 $10) 18... Rxe6 19. Rfd1 $6 (19. Rfe1 $1 Qe7 (19... Bxc4
20. Qxc4 $14) 20. Bc3 Re8 (20... Bxc4 21. bxc4 $14) 21. e5 $1 Bxc4 22. bxc4
dxe5 23. Bh3 Rb6 24. Rxe5 $14) 19... Bxc4 20. Qxc4 Qe7 21. f3 $2 (21. Bxf6 Bxf6
22. Rac1 Bd4 $10) (21. Qxa6 Nxe4 22. Bxg7 Kxg7 23. Bxe4 d5 24. Qa5 dxe4 25.
Qc3+ Kg8 26. Rd5 e3 $1 27. fxe3 Rxe3 28. Qxc5 Re1+ 29. Rxe1 Qxe1+ 30. Kg2 Qe2+
31. Qf2 Qe4+ 32. Qf3 Qc2+ $10) 21... d5 $1 22. exd5 Re2 $36 23. Bc3 (23. Qc1 $2
Ng4 $1 24. Bxg7 Rxg2+ 25. Kxg2 Qe2+ 26. Kh3 Nf2+ 27. Kh4 Qxf3 28. Qg5 h6 29.
Bxh6 Rb4+ $19) (23. Rab1 $2 Qe3+ 24. Kh1 Qf2 25. Rg1 Rxb2 $19) (23. Bxf6 Bxf6
24. Rab1 Qe3+ 25. Kh1 Bd4 26. Qxa6 Re8 $1 27. Rf1 (27. d6 Rxg2 $1 28. d7 (28.
Kxg2 Qf2+ 29. Kh3 Qxf3 $19) 28... Qxf3 29. dxe8=Q+ Kg7 30. Qxf7+ Kxf7 31. Qa7+
Kf6 32. Qb6+ Kf5 $19) 27... Re5 $40) 23... Nxd5 $1 24. Rxd5 (24. Bxg7 Rxg2+ 25.
Kh1 Ne3 26. Qf4 Nxd1 27. Qxb8+ Kxg7 28. Kxg2 (28. Rxd1 Qe2 $19) 28... Qe2+ 29.
Kh3 Nf2+ 30. Kg2 Ng4+ 31. Kh3 Qxh2+ 32. Kxg4 h5+ 33. Kg5 f6+ 34. Kf4 Qd2+ 35.
Ke4 Qd4#) 24... Qe3+ 25. Kh1 Bxc3 26. Rf1 Bd4 $17 27. Rd7 Rf8 {/\Qd2} 28. f4
Qd2 29. Qd5 Re1 $1 30. h4 (30. Qxc5 $2 Qxg2+ 31. Kxg2 Re2+ 32. Kf3 Re3+ 33. Kg2
Bxc5 $19) (30. Qf3 Rfe8 31. Qd5 R8e6 $17) 30... Qf2 31. Rxe1 Qxg3 $1 32. Qf3 (
32. Qg5 Qxe1+ 33. Kh2 Re8 $17) 32... Qxe1+ 33. Bf1 Qxh4+ 34. Kg2 a5 $19 35. Bc4
Kg7 36. Ra7 h5 37. Qg3 (37. Rxa5 Re8 38. Ra7 Re3 39. Rxf7+ Kh6 $19) 37... Qf6
38. Rxa5 Qe7 39. Rb5 Re8 40. a4 Qe4+ (40... Qe4+ 41. Qf3 Qc2+ 42. Kh1 Qc1+ 43.
Bf1 Re3 44. Qg2 Re1 $19) 0-1

[Event "Madrid"]
[Site "Madrid"]
[Date "1993.??.??"]
[Round "6"]
[White "Polgar, Judit"]
[Black "San Segundo Carrillo, Pablo"]
[Result "1-0"]
[WhiteElo "2595"]
[BlackElo "2440"]
[PlyCount "137"]
[EventDate "1993.06.??"]
[EventType "tourn"]
[EventRounds "9"]
[EventCountry "ESP"]
[EventCategory "14"]
[Source "ChessBase"]
[SourceDate "1993.10.01"]

1. e4 c5 2. Nf3 e6 3. d4 cxd4 4. Nxd4 Nf6 5. Nc3 Nc6 6. Ndb5 d6 7. Bf4 e5 8.
Bg5 a6 9. Na3 b5 10. Bxf6 gxf6 11. Nd5 Bg7 12. c3 f5 13. Bd3 Ne7 14. Nxe7 Qxe7
15. Nc2 Qb7 16. Qf3 O-O 17. O-O d5 18. exf5 e4 19. Qg3 Kh8 20. Be2 Bxf5 21.
Rad1 Rad8 22. Rd2 Be6 23. a3 f5 24. f4 a5 25. Nd4 Bd7 26. Rfd1 Rc8 27. b4 Qc7
28. Rc2 axb4 29. axb4 Ra8 30. Qe3 Qb8 31. Nb3 Ra3 32. Nc5 Qd6 33. Nxd7 Qxd7 34.
Qc5 Rc8 35. Rxd5 Qb7 36. Qd6 Qa7+ 37. Rc5 Rxc3 38. R2xc3 Bxc3 39. g3 Ra8 40.
Kg2 Qa2 41. Qd1 Bf6 42. Rc2 Qe6 43. Bxb5 Rd8 44. Qh5 e3 45. Kh3 Be7 46. Rc7 Rf8
47. Be2 Qd6 48. Rb7 Rf6 49. Qe8+ Bf8 50. Qxe3 Qd5 51. Qc3 Qxb7 52. Qxf6+ Qg7
53. Qxg7+ Kxg7 54. b5 Bc5 55. Bh5 Kf6 56. Kg2 Ke6 57. Kf3 h6 58. h3 Bb6 59. Be8
Bd8 60. Bc6 Kd6 61. g4 fxg4+ 62. hxg4 Ke6 63. Ke4 Kf6 64. Bd5 Bc7 65. Bb3 Kg6
66. f5+ Kf6 67. Be6 Kg5 68. Kd5 Bd8 69. Kc6 1-0

[Event "Madrid"]
[Site "Madrid"]
[Date "1993.??.??"]
[Round "2"]
[White "Salov, Valery"]
[Black "San Segundo Carrillo, Pablo"]
[Result "1-0"]
[WhiteElo "2660"]
[BlackElo "2440"]
[Annotator "Dautov"]
[PlyCount "81"]
[EventDate "1993.06.??"]
[EventType "tourn"]
[EventRounds "9"]
[EventCountry "ESP"]
[EventCategory "14"]
[Source "ChessBase"]
[SourceDate "1993.10.01"]

1. Nf3 Nf6 2. c4 g6 3. g3 Bg7 4. Bg2 O-O 5. O-O d6 6. d4 Nc6 7. d5 Na5 8. Nbd2
c5 9. e4 Bg4 {N} (9... a6 10. Rb1 b5 11. b3 Rb8 12. cxb5 axb5 13. b4 Nc4 14.
bxc5 Nxd2 15. Nxd2 dxc5 16. Qc2 $14 {ECO}) (9... b5 $5 10. cxb5 a6 11. bxa6
Bxa6 12. Re1 Qb6 13. Qc2 Nd7 $44) (9... Rb8 10. Rb1 b5 11. cxb5 Rxb5 12. Ne1 $5
$14 {ECO}) (9... Nd7 $5) 10. Rb1 a6 11. b3 b5 12. Bb2 Rb8 13. Qc2 e5 $5 (13...
Qc7 14. h3 Bxf3 (14... Bd7 15. Bc3) 15. Bxf3 bxc4 16. bxc4 Nd7 17. Bxg7 Kxg7
18. Qc3+ Kg8 19. Bg4 $1 Nf6 20. Be2 $14 {/\f4,e5}) 14. Bc3 (14. dxe6 $5 Bxe6 (
14... fxe6 15. h3 Bxf3 16. Nxf3 bxc4 17. bxc4 e5 $13 {/\Nc6-d4}) 15. Bc3 Nc6
$132) 14... b4 $6 (14... Qc7 $1 15. cxb5 (15. h3 Bd7 16. Ne1 Nh5 $132) 15...
axb5 16. b4 cxb4 17. Rxb4 Rfc8 18. Rc1 Bh6 $13) 15. Bb2 Qc8 (15... Nh5 16. Kh1
$1 (16. h3 Bd7 17. Ne1 f5 18. exf5 gxf5 $132) 16... Bh6 17. Ne1 (17. Ng1 Nb7
18. Rbe1 a5 $132) 17... Bd7 18. Nd3 $14) 16. Kh1 $1 $14 Bh3 (16... Nh5 17. Ne1
$14) 17. Ne1 Nh5 18. Nd3 Bh6 (18... Bxg2+ 19. Kxg2 f5 20. f4 $1 exf4 21. Bxg7
Kxg7 22. Nxf4 Nxf4+ 23. Rxf4 $16) 19. Rbe1 Rb7 $6 (19... Bxg2+ 20. Kxg2 f5 21.
f4 exf4 22. Nxf4 Nxf4+ 23. gxf4 fxe4 24. Nxe4 Qf5 25. Qf2 Nb7 26. Qh4 $16) (
19... Nb7 {>=} 20. Qd1 a5 21. f4 Bxg2+ 22. Kxg2 f6 $16) 20. Qd1 $1 $16 f6 21.
f4 Bxg2+ 22. Kxg2 Re7 (22... exf4 23. gxf4 Re7 24. Qf3 Nb7 25. Rf2 a5 26. Nf1
$16 {/\Ng3}) 23. f5 Qe8 (23... Nb7 24. Rf2 Bxd2 25. Qxd2 Ng7 (25... g5 26. h4
h6 (26... gxh4 27. g4 $16) 27. Rh1 Ng7 28. hxg5 hxg5 29. Kg1 $16) 26. Ref1 (26.
g4 g5 27. h4 h6 28. Rh1 $16) 26... gxf5 27. exf5 e4 28. Qe3 Qd7 29. Nc1 $16)
24. Rf2 Nb7 25. Ref1 a5 26. fxg6 (26. Qe2 $1 a4 27. fxg6 Qxg6 28. Nf3 Nf4+ 29.
Nxf4 exf4 30. Nh4 Qxe4+ 31. Qxe4 Rxe4 32. Nf5 Bg7 33. Rxf4 $16) 26... hxg6 $2 (
26... Qxg6 $1 27. Qf3 Bxd2 (27... Nf4+ 28. Nxf4 exf4 29. g4 f5 30. exf5 Rxf5
31. Re2 Rxe2+ 32. Qxe2 Nd8 33. h3 $16) 28. Rxd2 Ng7 29. Rdf2 f5 $132) 27. g4
Nf4+ 28. Nxf4 Bxf4 29. Rxf4 $1 exf4 30. Rxf4 Ref7 (30... f5 31. gxf5 gxf5 32.
exf5 Re2+ 33. Kf1 $18) 31. Qf3 Qe7 32. Nf1 $18 a4 33. Ng3 axb3 34. axb3 Ra8 $6
(34... g5 $2 35. Rf5 $18 {/\Nh5}) (34... Nd8 35. h4 Kh7 36. h5 g5 37. Rf5 Nb7
38. Kf1 Nd8 39. Ke2 Nb7 40. Kd1 Nd8 41. Kc2 Nb7 42. h6 Kg6 (42... Kxh6 43. Qh1+
Kg6 44. Qh5+ Kg7 45. Rxg5#) 43. Nh5 Na5 44. h7 Rxh7 45. Bxf6 $18) 35. Bxf6 Ra2+
36. Kg1 Qf8 37. h4 Na5 38. h5 gxh5 39. gxh5 Qc8 40. Nf5 Kh7 41. Qg3 1-0

[Event "Madrid"]
[Site "Madrid"]
[Date "1993.??.??"]
[Round "5"]
[White "San Segundo Carrillo, Pablo"]
[Black "Rivas Pastor, Manuel"]
[Result "1-0"]
[WhiteElo "2440"]
[BlackElo "2515"]
[PlyCount "43"]
[EventDate "1993.06.??"]
[EventType "tourn"]
[EventRounds "9"]
[EventCountry "ESP"]
[EventCategory "14"]
[Source "ChessBase"]
[SourceDate "1993.10.01"]

1. e4 e5 2. Nf3 d6 3. d4 exd4 4. Nxd4 Nf6 5. f3 g6 6. c4 Bg7 7. Nc3 O-O 8. Be3
c6 9. Be2 Re8 10. Qd2 d5 11. exd5 cxd5 12. O-O dxc4 13. Rad1 a6 14. Bxc4 b5 15.
Bb3 Bb7 16. Bh6 Nbd7 17. Nf5 Bf8 18. Bxf8 Rxf8 19. Nd6 Qb6+ 20. Kh1 Nc5 21. Qd4
b4 22. Qxf6 1-0